| Tag |
First Indicator |
Second Indicator |
Subfields |
| LEADER |
00000cam a2200000 a 4500 |
| 001 |
in00001069667 |
| 005 |
20150929101534.0 |
| 008 |
910823s1992 nyu 000 1 eng |
| 010 |
|
|
|a 91028645
|
| 020 |
|
|
|a 068810343X (acid-free paper) :
|c $19.00
|
| 035 |
|
|
|a (OCoLC)24376836
|
| 035 |
|
|
|9 AFP1969AM
|
| 040 |
|
|
|a DLC
|c DLC
|d OCL
|d TXA
|d UtOrBLW
|
| 043 |
|
|
|a n-us-ca
|
| 049 |
|
|
|a TXAM
|
| 050 |
0 |
0 |
|a PS3558.A3923
|b I5 1992
|
| 082 |
0 |
0 |
|a 813/.54
|2 20
|
| 100 |
1 |
|
|a Hallinan, Timothy.
|
| 245 |
1 |
0 |
|a Incinerator :
|b a Simeon Grist mystery /
|c Timothy Hallinan.
|
| 250 |
|
|
|a 1st ed.
|
| 264 |
|
1 |
|a New York :
|b Morrow,
|c [1992]
|
| 264 |
|
4 |
|c ©1992
|
| 300 |
|
|
|a 268 pages ;
|c 25 cm.
|
| 336 |
|
|
|a text
|b txt
|2 rdacontent
|
| 337 |
|
|
|a unmediated
|b n
|2 rdamedia
|
| 338 |
|
|
|a volume
|b nc
|2 rdacarrier
|
| 650 |
|
0 |
|a Private investigators
|z California
|z Los Angeles
|v Fiction.
|
| 650 |
|
0 |
|a Serial murders
|z California
|z Los Angeles
|x Fiction.
|
| 650 |
|
0 |
|a Homeless persons
|z California
|z Los Angeles
|x Fiction.
|
| 651 |
|
0 |
|a Los Angeles (Calif.)
|v Fiction.
|
| 655 |
|
7 |
|a Detective and mystery stories.
|
| 999 |
|
|
|a MARS
|
| 999 |
f |
f |
|s 7871b826-d545-3439-965b-b29b6a88cf9c
|i 3501b641-85d6-3c07-9d0e-4777630a5afd
|t 0
|
| 952 |
f |
f |
|p ric
|a Texas A&M University
|b Rellis Campus
|c Joint Library Facility
|d Remote Storage
|t 0
|e PS3558.A3923 I5 1992
|h Library of Congress classification
|i unmediated -- volume
|m A14815655451
|
| 998 |
f |
f |
|a PS3558.A3923 I5 1992
|t 0
|l Remote Storage
|